|
|
|
|
| LEADER |
00000nam0a2200000 4500 |
| 001 |
167594 |
| 005 |
20231031162836.0 |
| 035 |
|
|
|a (RuTPU)RU\TPU\book\181817
|
| 090 |
|
|
|a 167594
|
| 100 |
|
|
|a 20091016d1980 k y0rusy50 ca
|
| 101 |
0 |
|
|a rus
|
| 102 |
|
|
|a RU
|
| 105 |
|
|
|a a z 001zy
|
| 200 |
1 |
|
|a Разрушение алюминиевых сплавов
|f М. Е. Дриц, Ю. П. Гук, Л. П. Герасимова
|g Академия наук СССР (АН СССР), Институт металлургии им. А. А. Байкова (ИМЕТ)
|
| 210 |
|
|
|a Москва
|c Наука
|d 1980
|
| 215 |
|
|
|a 220 с.
|c ил.
|
| 320 |
|
|
|a Библиогр.: с. 163-164.
|
| 610 |
1 |
|
|a алюминиевые сплавы
|
| 610 |
1 |
|
|a разрушение
|
| 610 |
1 |
|
|a исследование
|
| 610 |
1 |
|
|a алюминий
|
| 610 |
1 |
|
|a твердые растворы
|
| 610 |
1 |
|
|a промышленные сплавы
|
| 610 |
1 |
|
|a растяжение
|
| 610 |
1 |
|
|a технологические факторы
|
| 610 |
1 |
|
|a скорость
|
| 675 |
|
|
|a 669.715:53
|v 3
|
| 700 |
|
1 |
|a Дриц
|b М. Е.
|g Михаил Ефимович
|
| 701 |
|
1 |
|a Гук
|b Ю. П.
|g Юрий Петрович
|
| 701 |
|
1 |
|a Герасимова
|b Л. П.
|g Лилия Петровна
|
| 712 |
0 |
2 |
|a Академия наук СССР (АН СССР)
|b Институт металлургии им. А. А. Байкова (ИМЕТ)
|c (Москва)
|2 stltpush
|3 (RuTPU)RU\TPU\col\312
|
| 801 |
|
1 |
|a RU
|b 63413507
|c 20091016
|
| 801 |
|
2 |
|a RU
|b 63413507
|c 20130524
|g RCR
|
| 942 |
|
|
|c BK
|